000 00782nam a2200217 a 4500
003 BD-DhJNU
005 20250713091728.0
008 020417r20021962nju b 001 0 eng
020 _a0765809222
040 _aBD-DhJNU
_bENG
_cBD-DhJNU
_dBD-DhJNU
082 0 0 _a322.5 FIM
_223
100 1 _aFiner, S. E.
245 1 4 _aThe man on horseback :
_bthe role of the military in politics /
_cSamuel E. Finer ; with a new introduction by Jay Stanley.
260 _aNew Brunswick, N.J. :
_bTransaction,
_cc2002.
300 _axxi, 268 p. ;
_c23 cm.
500 _aOriginally published: London : Pall Mall Press, 1962. With new introd.
504 _aIncludes bibliographical references (p. 245-257) and index.
650 0 _aCivil-military relations.
700 1 _aStanley, Jay.
942 _cBK
999 _c1887
_d1887